000 00372cam a2200145ua 4500
003 OSt
008 210915b ||||| |||| 00| 0 eng d
082 _a628.7
_bEHL/MU
100 _aEhlors, Vecctor M .
_95035
245 _aMunicipal and rural sanitation /
250 _a5 /
260 _aNew York :
_bMcGraw Hill Book Company ,
_c1958.
300 _a596 ; .
942 _cBK
999 _c3080
_d3080